003810000a220013300045000410008000000820017000082450046000252600071000713000012001420010005001543360027001593370033001863380028002190 aENG04aG 266 W3232f10aThe family and its christian fulfilment / aNew York, N.Y., USA : Foreing Missions Conference of North America a178 Pag7298 atextobtxt2rdacontent 2rdamediaasin mediaciónbn 2rdacarrieravolumenbnc